[Event "BL 1920 (Women)"]
[Site "Germany"]
[Date "2021.09.03"]
[Round "9.5"]
[White "Miturova, Magdalena"]
[Black "Just, Anita"]
[Result "1-0"]
[WhiteElo "2219"]
[BlackElo "1874"]
[PlyCount "56"]
[EventDate "2019.09.14"]
[EventType "team-tourn"]
[EventRounds "11"]
[EventCountry "GER"]
[SourceTitle "EXT 2022"]
[Source "ChessBase"]
[SourceDate "2021.10.06"]
[SourceVersion "1"]
[SourceVersionDate "2021.10.06"]
[SourceQuality "1"]
[WhiteTeam "Rodewisch (W)"]
[BlackTeam "Leipzig Weissblau (W)"]
[WhiteTeamCountry "GER"]
[BlackTeamCountry "GER"]

1. e4 e6 2. d4 d5 3. Nd2 dxe4 4. Nxe4 Nd7 5. Nf3 Ngf6 6. Bd3 Be7 7. Nxf6+ Nxf6 8. Bg5 h6 9. Bh4 c5 10. dxc5 Bxc5 11. Qe2 Bd7 12. Ne5 a6 13. 0-0-0 g5 14. Bg3 Qe7 15. h4 Nd5 16. Nxd7 Kxd7 17. Be4 Ke8 18. Bxd5 exd5 19. Qh5 Kd7 20. Rhe1 Qf6 21. Be5 Qxf2 22. Bxh8 Rxh8 23. hxg5 Be3+ 24. Kb1 d4 25. Rf1 Qg3 26. Qxf7+ Kc8 27. g6 Rd8 28. Qe6+ Kb8 1-0

[Event "EU-Cup Online Gr-A (Women)"]
[Site "Tornelo INT"]
[Date "2020.12.20"]
[Round "7.2"]
[White "Miturova, Magdalena"]
[Black "Tsolakidou, Stavroula"]
[Result "0-1"]
[WhiteElo "2219"]
[BlackElo "2379"]
[PlyCount "76"]
[EventDate "2020.12.19"]
[EventType "team-tourn (rapid)"]
[EventRounds "7"]
[EventCountry "ISS"]
[SourceTitle "CBM 199 Extra"]
[Source "ChessBase"]
[SourceDate "2021.01.31"]
[SourceVersion "1"]
[SourceVersionDate "2021.01.31"]
[SourceQuality "1"]
[WhiteTeam "Wulkaprodersdorf (W)"]
[BlackTeam "Italy Caissa (W)"]
[WhiteTeamCountry "AUT"]
[BlackTeamCountry "ITA"]

1. Nf3 Nf6 2. e3 e6 3. b3 b6 4. Bb2 Bb7 5. c4 g6 6. Be2 Bg7 7. 0-0 0-0 8. d3 d6 9. Nbd2 Nbd7 10. Qc2 Qe7 11. Rac1 e5 12. Rfd1 Rae8 13. Nf1 h6 14. d4 e4 15. N3d2 Nh7 16. d5 Bxb2 17. Qxb2 f5 18. b4 Ne5 19. Nb3 f4 20. exf4 Rxf4 21. Ne3 Qf6 22. Nd4 Ng5 23. Bf1 Ngf3+ 24. gxf3 Nxf3+ 25. Kh1 Rh4 26. Nxf3 Qxb2 27. Nxh4 Qxf2 28. Nhg2 Bc8 29. Rc2 Qf6 30. c5 Rf8 31. cxb6 cxb6 32. Bb5 Bh3 33. Bf1 Qf3 34. Re1 h5 35. Kg1 Qf6 36. Kh1 Qd4 37. Rd1 Qxd1 38. Nxd1 Rxf1# 0-1